00363nam a2200157Ia 450000500170000000800460001703700180006304000200008104100130010108400090011424500380012326000090016149000070017094200070017799900210018420250507130054.0008 250505s9999 xx 000 0 eng d aBound Volumes aEASLbengcEASL aeng2eng qEASL 0aAMPO: Japan-Asia Quarterly Review c0000 v17 cCR c1317296d1317296